000 00439nam a2200145Ia 4500
008 211109s9999||||xx |||||||||||||| ||und||
082 _a417.7
_bNAR-K
100 _aNarayana Panicker, R
245 0 _aKerala Bashasahithya Charithram Part III
260 _bV V b D
_aThiruvananthapuram
_c1916
300 _a348p.
630 _xGeneral Stack
650 _aLanguage
_vMalayalam LanguageHISTORY OF MALAYALAM LANGUAGE
_xMalayalam
942 _cBOOK
999 _c12862
_d12862